000 01737nam a22001937a 4500
008 120614t xxu||||| |||| 00| 0 eng d
020 _a0256160538
050 _aHF5635.L684
100 _aLibby, Robert
245 _aFinancial accounting. /
_cRobert Libby, Patricia A. Libby and Daniel G. Short.
260 _aChicago:
_bIrwin,
_cc1976.
300 _axix, 752 p.:
_bill
_c28cm.
500 _aIncludes index.
505 _aContents: Financial statements and business decisions: Management decision setting: maxidrive corporation -- The Accounting model and transaction analysis: Management decision setting -- Income measurement and operating decisions: Management decision setting -- The Adjustment process and financial statement presentation: Management decision setting -- The Communication of accounting information: Management decision setting -- Accounting for sales revenue, cash, and receivables -- Measuring inventory and cost of goods sold: Management decision setting -- Operational assets-property, plant, and equipment; natural resources; and intangibles: Management decision setting -- Measuring and reporting liabilities: Management decision setting -- Measuring and reporting bonds: Management decision setting -- Measuring and reporting owners' equity: Management decision setting -- Measuring and reporting investments in other corporations: Management decision setting -- Statement of cash flows: Management decision setting -- Using and interpreting financial statements: Management decision setting -- Appendix A: Future and present value tables -- Appendix B: Financial statements for toys.
650 _bFinancial accounting.
700 _aLibby, Patricia A.
700 _aShort, Daniel G.
942 _2lcc
_cBK
999 _c1329
_d8829